书目信息 |
| 题名: |
摄影构图与表现方法
|
|
| 作者: | 韦彰 , 徐国兴 编 | |
| 分册: | ||
| 出版信息: | 北京 中国摄影出版社 1981 |
|
| 页数: | 91页 | |
| 开本: | 19cm | |
| 丛书名: | ||
| 单 册: | ||
| 中图分类: | J40 | |
| 科图分类: | ||
| 主题词: | 摄影构图 , 摄影艺术--艺术理论 | |
| 电子资源: | ||
| ISBN: | ||
| 000 | 00670nam0 2200241 45 | |
| 001 | 0181003401 | |
| 005 | 20060802092626.35 | |
| 010 | @dCNY0.58 | |
| 091 | @a8226.3 | |
| 100 | @a19950620d1981 emky0chiy0121 ea | |
| 101 | 0 | @achi |
| 102 | @aCN@b110000 | |
| 105 | @af z 000yy | |
| 200 | 10 | @a摄影构图与表现方法@Ashe ying gou tu yu biao xian fang fa@f韦彰,徐国兴编@Fwei zhang,xu guo xing bian |
| 210 | @a北京@c中国摄影出版社@d1981 | |
| 215 | @a91页@d19cm | |
| 606 | @a摄影构图 | |
| 606 | 0 | @a摄影艺术@x艺术理论 |
| 690 | @aJ40@v3 | |
| 701 | 0 | @a韦彰@Awei zhang@4编 |
| 701 | 0 | @a徐国兴@Axu guo xing@4编 |
| 801 | @aCN@bTSTC@c20060802 | |
| 905 | @dJ40@e36@f1@b72859 | |
| 摄影构图与表现方法/韦彰,徐国兴编.-北京:中国摄影出版社,1981 |
| 91页;19cm |
| ISBN :CNY0.58 |
| ● |
| 相关链接 |
|
|
|
|
正题名:摄影构图与表现方法
索取号:J40/36
 
预约/预借
| 序号 | 登录号 | 条形码 | 馆藏地/架位号 | 状态 | 备注 |
| 1 | 0072857 | 001659404 | 密集书库/ [索取号:J40/36] | 在馆 | |
| 2 | 0072859 | 000572455 | 第一样本阅览室/ [索取号:J40/36] | 在馆 | |
| 3 | 0072860 | 001659397 | 密集书库/ [索取号:J40/36] | 在馆 | |
| 4 | 0072861 | 202190280 | 密集书库/ [索取号:J40/36] | 在馆 | |
| 5 | 0444205 | 204442059 | 密集书库/ [索取号:J40/36] | 在馆 | |
| 6 | 0466227 | 204662276 | 密集书库/ [索取号:J40/36] | 在馆 | |
| 7 | 0466228 | 204662285 | 密集书库/ [索取号:J40/36] | 在馆 | |
| 8 | 0466229 | 204662294 | 密集书库/ [索取号:J40/36] | 在馆 |